<?xml version="1.0" encoding="UTF-8"?>
<collection xmlns:xsi="http://www.w3.org/2001/XMLSchema-instance" xsi:schemaLocation="http://www.loc.gov/MARC21/slim http://www.loc.gov/standards/marcxml/schema/MARC21slim.xsd" xmlns="http://www.loc.gov/MARC21/slim">
 <record>
  <leader>00000cam a22000003a 4500</leader>
  <controlfield tag="001">UP-1685594773861955051</controlfield>
  <controlfield tag="003">Buklod</controlfield>
  <controlfield tag="005">20140513160804.0</controlfield>
  <controlfield tag="006">g||| |     ||   ||</controlfield>
  <controlfield tag="007">ta</controlfield>
  <controlfield tag="008">140513s2011    xx     d     r    |||| u|</controlfield>
  <datafield tag="020" ind1=" " ind2=" ">
   <subfield code="a">9780060548315</subfield>
  </datafield>
  <datafield tag="035" ind1=" " ind2=" ">
   <subfield code="a">(iLib)UPBAG-00013651233</subfield>
  </datafield>
  <datafield tag="090" ind1=" " ind2=" ">
   <subfield code="a">CB 482</subfield>
   <subfield code="b">S66 2011</subfield>
  </datafield>
  <datafield tag="100" ind1="1" ind2=" ">
   <subfield code="a">Solomon, Steven</subfield>
  </datafield>
  <datafield tag="245" ind1="1" ind2="0">
   <subfield code="a">Water</subfield>
   <subfield code="b">the epic struggle for wealth, power, and civilization</subfield>
   <subfield code="c">Steven Solomon.</subfield>
  </datafield>
  <datafield tag="250" ind1=" " ind2=" ">
   <subfield code="a">1st Harper Perennial ed.</subfield>
  </datafield>
  <datafield tag="264" ind1=" " ind2="1">
   <subfield code="a">New York</subfield>
   <subfield code="b">Harper Perennial</subfield>
   <subfield code="c">2011.</subfield>
  </datafield>
  <datafield tag="300" ind1=" " ind2=" ">
   <subfield code="a">x, 596 p., [16] p. of plates</subfield>
   <subfield code="b">ill., map</subfield>
   <subfield code="c">23 cm.</subfield>
  </datafield>
  <datafield tag="504" ind1=" " ind2=" ">
   <subfield code="a">Includes bibliographical references (p. [551]-564) and index.</subfield>
  </datafield>
  <datafield tag="505" ind1="0" ind2=" ">
   <subfield code="a">The indispensable resource -- Water and the start of civilization -- Rivers, irrigation, and the earliest empires -- Seafaring, trade, and the making of the Mediterranean world -- The Grand Canal and the flourishing of Chinese civilization -- Islam, deserts, and the destiny of history's most water-fragile civilization -- Waterwheel, plow, cargo ship, and the awakening of Europe -- The voyages of discovery and the launch of the oceanic era -- Steam power, industry, and the Age of the British Empire -- The sanitary revolution -- Water frontiers and the emergence of the United States -- The canal to America's Century -- Giant dams, water abundance, and the rise of global society -- Water: the new oil -- Thicker than blood: the water-famished Middle East -- From have to have-not: mounting water distress in Asia's rising giants -- Opportunity from scarcity: the new politics of water in the industrial democracies.</subfield>
  </datafield>
  <datafield tag="520" ind1=" " ind2=" ">
   <subfield code="a">This book is an account of how water has shaped human society from the ancient past to the present. Far more than oil, the control of water wealth throughout history has been pivotal to the rise and fall of great powers, the achievements of civilization, the transformations of society's vital habitats, and the quality of ordinary daily lives. Today, freshwater scarcity is one of the twenty-first century's decisive, looming challenges, driving new political, economic, and environmental realities across the globe. In this book, the author offers a narrative portrait of the power struggles, personalities, and breakthroughs that have shaped humanity from antiquity's earliest civilizations through the steam-powered Industrial Revolution and America's century. It is an account of man's most critical resource in shaping human destinies, from ancient times to our dawning age of water scarcity.</subfield>
  </datafield>
  <datafield tag="650" ind1=" " ind2="0">
   <subfield code="a">Water.</subfield>
  </datafield>
  <datafield tag="650" ind1=" " ind2="0">
   <subfield code="a">Water</subfield>
   <subfield code="x">History.</subfield>
  </datafield>
  <datafield tag="650" ind1=" " ind2="0">
   <subfield code="a">Water</subfield>
   <subfield code="x">Social aspects</subfield>
   <subfield code="x">History.</subfield>
  </datafield>
  <datafield tag="650" ind1=" " ind2="0">
   <subfield code="a">Water and civilization.</subfield>
  </datafield>
  <datafield tag="852" ind1="0" ind2=" ">
   <subfield code="a">UPBAG</subfield>
   <subfield code="b">KTRC</subfield>
   <subfield code="h">CB 482 S66 2011</subfield>
  </datafield>
  <datafield tag="942" ind1=" " ind2=" ">
   <subfield code="a">Book</subfield>
  </datafield>
 </record>
</collection>
